000 00794nam a2200265Ia 4500
003 OSt
005 20220930094439.0
006 a|||||r|||| 00| 0
007 ta
008 220926b |||||||| |||| 00| 0 eng d
024 _a71919
037 _cTheses
040 _aCRL
_cCRL
_beng
041 _2eng
_aeng
100 _aGupta Neeraj Kumar Au.
_9555580
110 _aUniversity of Delhi. Faculty of Law. Department of Law
245 0 _aEco tax for sustainable development in India
_b prospects and challenges
260 _c2020
300 _a319p.
_ap.
_ccm.
650 _aLaw
700 _a Tondon Usha Gu.
_9555581
700 _aUniversity of Delhi. Faculty of Law. Department of Law
942 _cDIS
_2CC
999 _c887141
_d887141